Normal view
MARC view
- Talat,Laraib, Saeed,Tania, & Hassan,Tehreem
Entry Personal Name
001 - CONTROL NUMBER
- control field: 5219
003 - CONTROL NUMBER IDENTIFIER
- control field: NUST
005 - DATE AND TIME OF LATEST TRANSACTION
- control field: 20171004120704.0
008 - FIXED-LENGTH DATA ELEMENTS
- fixed length control field: 171004|| aca||aabn | a|a d
040 ## - CATALOGING SOURCE
- Original cataloging agency: NUST
- Transcribing agency: NUST
100 ## - HEADING--PERSONAL NAME
- Personal name: Talat,Laraib, Saeed,Tania, & Hassan,Tehreem
670 ## - SOURCE DATA FOUND
- Source citation: Work cat.: (NUST): Talat,Laraib, Saeed,Tania, & Hassan,Tehreem , Intimacy in Pakistani dramas; a quantitative analysis, 2015
